000
00313nam a22001337a 4500
008
230619b xxu||||| |||| 00| 0 eng d
020
_a
1873796919
082
_a
305.906
_b
BRO
100
_c
Jeffrey Brown
245
_a
Single & Gifted
260
_a
England
_b
Autumn House
_c
2001
300
_a
192p
942
_2
ddc
_c
BK
999
_c
1402
_d
1402